000 00889nam a2200205 i 4500
001 187970
003 ES-MaACL
005 20230906223054.0
008 180404s1962 sp |||| | spa d
110 2 _aConsejo Económico Sindical Provincial (Oviedo)
_9164492
245 1 0 _aPerspectivas de desarrollo económico de la provincia de Oviedo (en los próximos cinco años).
260 _a[S.l. :
_bs.n.],
_c1962 (
_eMadrid :
_fHispalense Industrial)
300 _a114 p. ;
_c28 cm.
490 1 _aOrganizacion Sindical. Consejo Económico Nacional. Gabinete Técnico ;
_v18
594 _aPrecede al tít.: Consejo Económico Sindical Provincial, Oviedo.
651 4 _aAsturias (Comunidad Autónoma)-
_xPolítica económica.
_9164493
830 0 _aOrganizacion Sindical. Consejo Económico Nacional. Gabinete Técnico ;
_v18
_9192940
852 _aES-MaACL
_jB-13764
999 _c187970
_d187970